000 00533nam a2200217 454500
001 082499
003 BD-ChCU
005 20251217094707.0
008 Eng
020 _a9788130912233
040 _aDLC
_cDLC
_dBD-ChCU
082 0 0 _a327.1/G978g
100 1 _aGurtov, MEL
_bx
245 1 0 _aGlobal Politics in the human interest /
_cMel Gurton
250 _a5th
260 _aNew Delhi:
_bViva Books,
_c2010
300 _aVIII, 391
650 0 _aWorld Politics
_bInternational relations
700 1 _ax
942 _2ddc
_cBK
999 _c82499
_d82499